000
00221nam a2200097Ia 4500
008
240331s9999 xx 000 0 und d
082
_b
LIP
100
_a
Lips, H.M.
245
0
_a
Sex and gender :
_b
an introduction
942
_c
L
999
_c
1598
_d
1598